Buoni genitori : storie di mamme e di papà gay /

Saved in:
書目詳細資料
主要作者: Lalli, Chiara (Author)
其他作者: Lingiardi, Vittorio, Scalfarotto, Ivan (Author of afterword, colophon, etc.)
格式: 圖書
語言:意大利语
出版: Milano : Il Saggiatore, c2009
叢編:Infrarossi
主題:
標簽: 添加標簽
沒有標簽, 成為第一個標記此記錄!

MARC

LEADER 00000nam a22000007i 4500
001 IT\ICCU\UBO\3651927
003 ItRI
005 20260116110148.0
008 090617s2009 it |||||| ||||| |||||c
020 |a 9788842816058 
040 |b ita  |c C 
041 7 |a ita  |2 ISO-639-2 
082 |a 306.874  |2 21 
100 1 |a Lalli, Chiara  |0 IT\ICCU\LO1V\265331  |4 aut 
245 1 0 |a Buoni genitori :  |b storie di mamme e di papà gay /  |c Chiara Lalli ; prefazione di Vittorio Lingiardi ; postfazione di Ivan Scalfarotto. 
260 |a Milano :  |b Il Saggiatore,  |c c2009 
300 |a 262 p. ;  |c 21 cm 
650 7 |a Genitori omosessuali 
700 1 |a Lingiardi, Vittorio  |0 IT\ICCU\RAVV\056499 
700 1 |a Scalfarotto, Ivan  |0 IT\ICCU\UBOV\026768  |4 aft 
830 0 |a Infrarossi  |0 IT\ICCU\MOD\1340163 
942 |2 ddc  |c BK 
952 |0 0  |1 1  |2 ddc  |4 0  |6 306_874000000000000_LAL_BUO  |7 1  |9 128  |a GE  |b GE  |d 2013-10-26  |l 0  |o 306.874 LAL BUO  |p 1561  |r 2023-11-06 16:46:09  |w 2023-11-06  |y BK 
952 |0 0  |1 0  |2 ddc  |4 0  |6 306_874000000000000_LAL_BUO  |7 0  |9 205  |a RI  |b RI  |d 2023-11-13  |l 0  |o 306.874 LAL BUO  |p 1155  |r 2023-11-13 23:00:04  |w 2023-11-13  |y BK 
952 |0 0  |1 0  |2 ddc  |4 0  |6 306_874000000000000_LAL_BUO  |7 1  |9 326  |a GE  |b GE  |d 2023-11-23  |l 0  |o 306.874 LAL BUO  |p 4451  |r 2023-11-23 12:10:00  |w 2023-11-23  |y BK  |z Donazione Massimo Vianello 
952 |0 0  |1 0  |2 ddc  |4 0  |6 306_874000000000000_LAL_BUO  |7 0  |9 10009  |a SV  |b SV  |d 2025-12-02  |l 0  |o 306.874 LAL BUO  |p 2044  |r 2025-12-02 16:01:00  |w 2025-12-02  |y BK 
952 |0 0  |1 0  |2 ddc  |4 0  |6 DOC_306_874000000000000_LAL  |7 0  |9 19769  |a BO  |b BO  |d 2026-01-15  |i 12864  |l 0  |o DOC 306.874 LAL  |p BO12864  |r 2026-01-15 23:21:00  |t 2  |w 2026-01-15  |y BK 
952 |0 0  |1 0  |2 ddc  |4 0  |6 DOC_306_874000000000000_LAL  |7 0  |9 19770  |a BO  |b BO  |d 2026-01-15  |i 12835  |l 0  |o DOC 306.874 LAL  |p BO12835  |r 2026-01-15 23:21:00  |t 1  |w 2026-01-15  |y BK 
981 1 |6 z01  |a i   |b xxxe  
982 1 |6 z01  |a n 
999 |c 109  |d 109